000 00365nam a22001697a 4500
005 20160530094918.0
008 160530b xxu||||| |||| 00| 0 eng d
020 _a0-07-460404-7
041 _aeng
082 _b5894
100 _aBeri, G.C.
_91467
245 _aMarketing Research
260 _bTMH
300 _a427
650 _aManagement
_9241
942 _cBK
999 _c2089
_d2088